000 00675nam a2200193 a 4500
005 20140412111324.0
008 000829s19uu xx 00 eng d
020 _a0-86272-947-5
050 _aREF 030
_bW872 1999
100 _aMaynard, Christopher
245 _aI wonder why planes have wings :
_band other questions about transport /
_cChristopher Maynard.
260 _aDanbury, Connecticut :
_bGrolier Inc,
_c1999.
300 _a32 p.
440 _aI wonder why
500 _aIncludes index
520 _aWith information and quirky facts to explain everything from 'Why do cars need petrol?' to 'Why do ships sink?'.
650 _aTransportation
999 _c104525
_d104525